| 000 | 00507nam a2200193 i 4500 | ||
|---|---|---|---|
| 001 | 69813 | ||
| 003 | ES-MaACL | ||
| 007 | t| | ||
| 008 | 040712s1987 sp ||||1| spa d | ||
| 020 | _a84-397-1150-6 | ||
| 100 | 1 |
_aGarcía Hortelano, Juan. _954775 |
|
| 245 | 1 | 0 |
_aMucho cuento / _cJuan García Hortelano. |
| 260 |
_aMadrid : _bMondadori, _c1987. |
||
| 300 |
_a215 p. ; _c22 cm. |
||
| 490 | 1 | _aNarrativa | |
| 830 | 0 |
_aNarrativa _9177839 |
|
| 852 |
_aES-MaACL _jG-2724 _bR.115195 |
||
| 999 |
_c69813 _d69813 |
||